000
00250nam a22001097a 4500
008
170116b xxu||||| |||| 00| 0 eng d
020
_a
1556480326
041
_a
eng
080
_a
618.2
245
_a
COLLABORATIVE CARE
_c
ETHEREDGE, M.L
942
_2
udc
_c
BK
999
_c
2965
_d
2965